Deutsche Kreise mit einer Himmelsrichtung im Namen - Statistiken

Allgemein
  • Dieses Quiz wurde 296 mal gespielt
    241 seit der letzten Aktualisierung
  • Das Durchschnittsergebnis liegt bei 6 aus 13
Antwortstatistiken
Kreis % Korrekt
Nordfriesland
61%
Nordhausen
61%
Nordwestmecklenburg
57%
Ostallgäu
51%
Nordsachsen
49%
Ostholstein
45%
Südliche Weinstraße
43%
Südwestpfalz
41%
Ostprignitz-Ruppin
40%
Ostalbkreis
39%
Westerwaldkreis
34%
Mansfeld-Südharz
28%
Sächsische Schweiz-Osterzgebirge
28%
Keine übereinstimmenden Quizze gefunden
Verteilung der Resultate
Anzahl Personen mit jedem Resultat
Perzentil nach korrekt beantworteten Fragen
Ihre Resultats-Entwicklung
Sie haben dieses Quiz seit der letzten Aktualisierung nicht gespielt